Lý thuyết trường lượng tử cho hệ nhiều hạt

Na minha lista:
Detalhes bibliográficos
Autor principal: Nguyễn Quang Báu
Formato: Livro
Idioma:Vietnamese
Publicado em: Đại học quốc gia Hà Nội 2002
Tags: Adicionar Tag
Sem tags, seja o primeiro a adicionar uma tag!
Thư viện lưu trữ: Mạng thư viện Đại học Đà Nẵng
LEADER 00690nam a2200253 4500
001 000021577
003 18025
005 20150422100434.0
008 150422s2002 viesd
020 |c 16500 
041 0 |a vie 
082 1 4 |a 530,143  |b NG-B 
100 1 |a Nguyễn Quang Báu 
245 1 0 |a Lý thuyết trường lượng tử cho hệ nhiều hạt  |c Nguyễn Quang Báu, Hà Huy Bằng 
260 |b Đại học quốc gia Hà Nội  |c 2002 
300 |a tr.  |c cm. 
OWN |a LSP 
999 |a From the UDN01 
TYP |a Monograph 
TYP |a Printed language 
980 |a Mạng thư viện Đại học Đà Nẵng